| 000 | 00559nam a2200169 a 4500 | ||
|---|---|---|---|
| 001 | 000048054 | ||
| 005 | 20201002060906.0 | ||
| 008 | 181109s2004 dr ac 000 0 spa d | ||
| 040 |
_aDO-SdBNP _bspa _cBNPHU |
||
| 100 | 1 |
_aLeón, Ángel María de, _d1947- _975560 |
|
| 245 | 1 | 0 |
_a¡50 aniversario de la guerra de abril de 1965! / _cÁngel María De León. |
| 260 |
_a[s.l. : _b[s.n., _c[s.f.]. |
||
| 300 |
_a77 p. : _bil., retrs. ; _c21 cm. |
||
| 500 | _aIncluye datos biográficos del autor | ||
| 504 | _aBibliografía : p. 77 | ||
| 590 | _aInventariado, 2018/LP | ||
| 999 |
_c47542 _d47542 |
||